|
|
|
|
| LEADER |
02861nam a2200493 4500 |
| 001 |
ocn773301000 |
| 003 |
OCoLC |
| 005 |
20170124072420.7 |
| 006 |
m o d |
| 007 |
cr cn||||||||| |
| 008 |
120119s2011 enk ob 001 0 eng d |
| 040 |
|
|
|a DG1
|b eng
|c DG1
|d YDXCP
|d OCLCQ
|d OCLCO
|d OCLCF
|d OCLCA
|d OCLCQ
|d DEBBG
|d GrThAP
|
| 020 |
|
|
|a 9781119961260
|q (electronic bk.)
|
| 020 |
|
|
|a 1119961262
|q (electronic bk.)
|
| 029 |
1 |
|
|a AU@
|b 000048718221
|
| 029 |
1 |
|
|a GBVCP
|b 863145760
|
| 029 |
1 |
|
|a NLGGC
|b 394011120
|
| 029 |
1 |
|
|a NZ1
|b 15915705
|
| 029 |
1 |
|
|a DEBBG
|b BV043393993
|
| 035 |
|
|
|a (OCoLC)773301000
|
| 037 |
|
|
|a 10.1002/9781119961260
|b Wiley InterScience
|n http://www3.interscience.wiley.com
|
| 050 |
|
4 |
|a TS173
|b .O36 2011
|
| 082 |
0 |
4 |
|a 620.00452
|2 23
|
| 049 |
|
|
|a MAIN
|
| 100 |
1 |
|
|a O'Connor, Patrick P.
|
| 245 |
1 |
0 |
|a Practical reliability engineering.
|
| 250 |
|
|
|a 5th ed. /
|b Patrick P. O'Connor, Andre Kleyner.
|
| 264 |
|
1 |
|a Oxford :
|b Wiley-Blackwell,
|c 2011.
|
| 300 |
|
|
|a 1 online resource (1 volume)
|
| 336 |
|
|
|a text
|b txt
|2 rdacontent
|
| 337 |
|
|
|a computer
|b c
|2 rdamedia
|
| 338 |
|
|
|a online resource
|b cr
|2 rdacarrier
|
| 505 |
0 |
|
|a Front Matter -- Introduction to Reliability Engineering -- Reliability Mathematics -- Life Data Analysis and Probability Plotting -- Monte Carlo Simulation -- Load₆Strength Interference -- Reliability Prediction and Modelling -- Design for Reliability -- Reliability of Mechanical Components and Systems -- Electronic Systems Reliability -- Software Reliability -- Design of Experiments and Analysis of Variance -- Reliability Testing -- Analysing Reliability Data -- Reliability Demonstration and Growth -- Reliability in Manufacture -- Maintainability, Maintenance and Availability -- Reliability Management -- Appendix 1: The Standard Cumulative Normal Distribution Function -- Appendix 2:?(a,?) Distribution Values -- Appendix 3: Kolmogorov₆Smirnov Tables -- Appendix 4: Rank Tables (5%, 95%) -- Appendix 5: Failure Reporting, Analysis and Corrective Action System (FRACAS) -- Appendix 6: Reliability, Maintainability (and Safety) Plan Example -- Appendix 7: Matrix Algebra Revision -- Index.
|
| 500 |
|
|
|a Previous edition: published as by Patrick D.T. O'Connor with David Newton, Richard Bromley. 2002.
|
| 504 |
|
|
|a Includes bibliographical references and index.
|
| 588 |
0 |
|
|a Print version record.
|
| 650 |
|
0 |
|a Reliability (Engineering)
|
| 650 |
|
7 |
|a Reliability (Engineering)
|2 fast
|0 (OCoLC)fst01093646
|
| 655 |
|
4 |
|a Electronic books.
|
| 700 |
1 |
|
|a Kleyner, Andre.
|
| 710 |
2 |
|
|a Wiley InterScience (Online service)
|
| 776 |
0 |
8 |
|i Print version:
|a O'Connor, Patrick P.
|t Practical reliability engineering.
|b 5th ed.
|d Oxford : Wiley-Blackwell, 2011
|z 9780470979822
|w (OCoLC)751750820
|
| 856 |
4 |
0 |
|u https://doi.org/10.1002/9781119961260
|z Full Text via HEAL-Link
|
| 994 |
|
|
|a 92
|b DG1
|